000 00587nam a2200181Ia 4500
003 GCL
008 140319s9999 xx 000 0 ara d
040 _aGCL /
_cGCL
082 0 4 _a327.172
_bا ا
100 1 _aامين محمود عطايا
245 1 0 _aالامن القومى العربى فى مواجهة الامن الاسرائيلى /
_cامين محمود عطايا
300 _a112
490 _a100 قصة
_v0
650 0 4 _aالعالم العربى
650 0 4 _aالنزاع العربى الاسرائيلى
650 0 4 _aالامن القومى
942 _2ddc
_cBK
999 _c43755
_d43755